| 000 | 00634nam a2200193Ia 4500 | ||
|---|---|---|---|
| 003 | GCL | ||
| 008 | 140319s9999 xx 000 0 ara d | ||
| 040 |
_aGCL / _cGCL |
||
| 082 | 0 | 4 |
_a227.6 _bت ت |
| 100 | 1 | _aتحية عبدالعزيز اسماعيل | |
| 245 | 1 | 0 |
_aالتفسير العلمى لحروف أوائل السور فى القران الكريم / _cتحية عبدالعزيز اسماعيل |
| 300 | _a193 ص | ||
| 490 | _a | ||
| 650 | 0 | 4 | _aالقران - تفسير |
| 650 | 0 | 4 | _aالقران - بلاغة |
| 650 | 0 | 4 | _aالقران - الفاظ |
| 650 | 0 | 4 | _aالقران - سور وايات |
| 942 |
_2ddc _cBK |
||
| 999 |
_c40605 _d40605 |
||